| Tag |
First Indicator |
Second Indicator |
Subfields |
| LEADER |
00000cam a22000008a 4500 |
| 001 |
in00001639615 |
| 005 |
20171207101159.0 |
| 008 |
010123s2001 nyua b 001 0 eng |
| 010 |
|
|
|a 2001019057
|
| 020 |
|
|
|a 0399147993
|
| 035 |
|
|
|a (OCoLC)ocm45799473
|
| 040 |
|
|
|a DLC
|c DLC
|d IOU
|d UtOrBLW
|
| 042 |
|
|
|a pcc
|
| 049 |
|
|
|a TXAM
|
| 050 |
0 |
0 |
|a TX714
|b .C6912 2001
|
| 082 |
0 |
0 |
|a 641.5
|2 21
|
| 100 |
1 |
|
|a Cornwell, Patricia Daniels.
|
| 245 |
1 |
0 |
|a Food to die for :
|b secrets from Kay Scarpetta's kitchen /
|c Patricia Cornwell and Marlene Brown.
|
| 263 |
|
|
|a 0110
|
| 264 |
|
1 |
|a New York :
|b Putnam's,
|c 2001.
|
| 300 |
|
|
|a 229 pages :
|b color illustrations ;
|c 24 cm.
|
| 336 |
|
|
|a text
|b txt
|2 rdacontent
|
| 337 |
|
|
|a unmediated
|b n
|2 rdamedia
|
| 338 |
|
|
|a volume
|b nc
|2 rdacarrier
|
| 504 |
|
|
|a Includes bibliographical references (pages 227-229) and index.
|
| 600 |
1 |
0 |
|a Scarpetta, Kay
|c (Fictitious character)
|
| 650 |
|
0 |
|a Cooking.
|
| 650 |
|
0 |
|a Literary cookbooks.
|
| 700 |
1 |
|
|a Brown, Marlene.
|
| 994 |
|
|
|a E0
|b TXA
|
| 948 |
|
|
|a cataloged
|b h
|c 2001/11/16
|d c
|e ceaton
|f 12:46:15 pm
|
| 999 |
|
|
|a MARS
|
| 999 |
f |
f |
|s 496a405f-8550-3e74-8a81-ba315052b9a1
|i 5f167108-5f2f-358c-8317-aa4eb3b2c916
|t 0
|
| 952 |
f |
f |
|p ric
|a Texas A&M University
|b Rellis Campus
|c Joint Library Facility
|d Remote Storage
|t 0
|e TX714 .C6912 2001
|h Library of Congress classification
|i unmediated -- volume
|m A14828243823
|
| 998 |
f |
f |
|a TX714 .C6912 2001
|t 0
|l Remote Storage
|